Vzťah mladých k peniazom nezávisí od doby, ale od rodičov

Rozhovor s psychologičkou A. Lazarovou o finančnej gramotnosti slovenských detí. Mladý človek a jeho vzťah k peniazom. Budovanie vnímania hodnôt. Najčastejšie chyby rodičov. Sporenie. Nezodpovedný prístup k financiám sa dedí. Ako možno pomôcť deťom, ktoré majú zlé príklady z rodiny.

Saved in:
Bibliographic Details
Main Author: Kláseková, Martina
Other Authors: Lazarová, Aneta
Format: Book Chapter
Language:Slovak
Subjects:
Tags: Add Tag
No Tags, Be the first to tag this record!

MARC

LEADER 00000naa a2200000 4500
001 0235740
005 20200211090648.7
041 0 |a slo 
044 |a SK 
245 1 0 |a Vzťah mladých k peniazom nezávisí od doby, ale od rodičov  |c Martina Kláseková, Aneta Lazarová 
520 |a Rozhovor s psychologičkou A. Lazarovou o finančnej gramotnosti slovenských detí. Mladý človek a jeho vzťah k peniazom. Budovanie vnímania hodnôt. Najčastejšie chyby rodičov. Sporenie. Nezodpovedný prístup k financiám sa dedí. Ako možno pomôcť deťom, ktoré majú zlé príklady z rodiny. 
610 2 0 |a gramotnosť finančná 
610 2 0 |a peniaze 
610 2 0 |a financie 
610 2 0 |a deti 
610 2 0 |a mládež 
610 2 0 |a rodina 
610 2 0 |a úspory 
610 2 0 |a výchova 
610 2 0 |a zodpovednosť 
100 1 |a Kláseková, Martina 
700 1 |a Lazarová, Aneta